书目信息 |
| 题名: |
材料力学基本训练
|
|
| 作者: | 张英 , 钱民刚 主编 | |
| 分册: | ||
| 出版信息: | 北京 科学出版社 2003.5 |
|
| 页数: | 263页 | |
| 开本: | 24cm | |
| 丛书名: | ||
| 单 册: | ||
| 中图分类: | TB301-44 | |
| 科图分类: | ||
| 主题词: | 材料力学--cai liao li xue--习题 | |
| 电子资源: | 780436.htm | |
| ISBN: | 7-03-011257-1 | |
| 000 | 00940nam0 2200289 450 | |
| 001 | CAL 012003124810 | |
| 005 | 20061121154918.26 | |
| 010 | @a7-03-011257-1@dCNY 20.00 | |
| 099 | @aCAL 012003124810 | |
| 100 | @a20030618d2003 ekmy0chiy0121 ea | |
| 101 | 0 | @achi |
| 102 | @aCN@b110000 | |
| 105 | @aak z 000yy | |
| 200 | 1 | @a材料力学基本训练@Acai liao li xue ji ben xun lian@f钱民刚, 张英主编 |
| 210 | @a北京@c科学出版社@d2003.5 | |
| 215 | @a263页@c图@d24cm | |
| 330 | @a本书以国家教委对材料力学基本要求的内容为主,共十三章,每章均分为“基本内容与基本要求”、“典型例题与解题方法”、“课外训练习题”三部分。 | |
| 333 | @a读者对象:一般读者。 | |
| 606 | 0 | @a材料力学@Acai liao li xue@j习题 |
| 690 | @aTB301-44@v4 | |
| 701 | 0 | @a张英@Azhang ying@4主编 |
| 701 | 0 | @a钱民刚@Aqian min gang@4主编 |
| 801 | 0 | @aCN@c20061121 |
| 856 | 4 | @u780436.htm |
| 905 | @a10447@dTB301-44@eQ212 | |
| 906 | @dCNY20.00@n0@r1 | |
| 998 | @aBJP | |
| 材料力学基本训练/钱民刚, 张英主编.-北京:科学出版社,2003.5 |
| 263页:图;24cm |
| 使用对象:读者对象:一般读者。 |
| ISBN 7-03-011257-1:CNY 20.00 |
| 本书以国家教委对材料力学基本要求的内容为主,共十三章,每章均分为“基本内容与基本要求”、“典型例题与解题方法”、“课外训练习题”三部分。 |
| ● |
| 相关链接 |
|
|
|
正题名:材料力学基本训练
索取号:TB301-44/Q212
 
预约/预借
| 序号 | 登录号 | 条形码 | 馆藏地/架位号 | 状态 | 备注 |
| 1 | 537003 | 205370034 | 期刊室512/501自科库 11排1列4层/ [索取号:TB301-44/Q212] | 在馆 | |
| 2 | 537004 | 205370043 | 自科库501/501自科库 12排1列4层/ [索取号:TB301-44/Q212] | 在馆 | |
| 3 | 537005 | 205370052 | 自科库501/501自科库 12排1列4层/ [索取号:TB301-44/Q212] | 在馆 | |
| 4 | 613869 | 206138696 | 自科库501/501自科库 12排1列4层/ [索取号:TB301-44/Q212] | 在馆 | |
| 5 | 613870 | 206138703 | 自科库501/501自科库 12排1列4层/ [索取号:TB301-44/Q212] | 在馆 | |
| 6 | 613871 | 206138712 | 自科库501/501自科库 12排1列4层/ [索取号:TB301-44/Q212] | 在馆 |